000 00342nam a2200133Ia 4500
008 210210b1975 xxu||||| |||| 00| 0 eng d
082 _a410K KULV
100 _aKULLI (Je Es).
245 _aVarnatmaka bhashavijnana.
260 _aDharavada.
_bSirigannada prakashana.,
_c1975
300 _a16,199,iv
690 _aLinguistics
906 _a032723
999 _c83828
_d83828